000 01094cam a2200277 4500
001 L127080
008 040817n2003 000 0 eng u
020 _a0131286080
035 _a(Sirsi) u127080
041 _aeng
050 _a693.71
_c18
100 _aMcCormac, Jack C.
245 _aStructural steel design
_bLRFD method
250 _a3rd ed., International ed.
260 _aUpper Saddle River, NJ
_bPearson Prentice Hall
_c2003
300 _axii, 713p.
_bill.
_c24cm.
350 _a67.80
520 _aProvides an introduction to structural steel design primarily intended for undergraduates in civil engineering, building science, architectural engineering or architecture. Updated to conform to the 1999 Load and Resistance Factor (LRFD) Design Specification and the 2002 edition of the LRFD Manual of Steel Construction.
650 _aSTRUCTURAL STEELWORK
650 _aSTEEL STRUCTURES
650 _aSTEEL BEAMS
650 _aLOAD AND RESISTANCE FACTOR DESIGN METHOD
690 _aBUILT ENVIRONMENT-CONSTRUCTION DESIGN
700 _aNelson, James K.
942 _n0
999 _c103704
_d103704